000 00585nam a2200205 a 4500
001 BRCA_5757
005 20190320205214.0
008 070311s1945----mx-ad####s---a100-0#spa-#
041 _aspa
044 _amx
050 4 _aHG2720.M44
_bV54
_c1945
245 1 0 _aVigésimatercera Asamblea General Ordinaria de Accionistas.
_cBanco de México.
260 _aMéxico
_bBanco de México
_c1945
300 _a114 p.
_bils.
_c23 cm.
500 _aBalance general de 1944; gráficas, estadísticas.
500 _aH72
650 1 4 _aFinanzas
_zMéxico
_914605
902 _aGFM
942 _2lcc
_cB
999 _c5447
_d5447